| 000 | 01455nam a2200337 a 4500 | ||
|---|---|---|---|
| 001 | ebr10403966 | ||
| 003 | CaPaEBR | ||
| 006 | m u | ||
| 007 | cr cn||||||||| | ||
| 008 | 100301s2010 ne sb 101 0 eng d | ||
| 010 | _z 2010923730 | ||
| 020 | _z9781607505341 (hardcover) | ||
| 020 | _z9781607505358 (e-book) | ||
| 040 |
_aCaPaEBR _cCaPaEBR |
||
| 035 | _a(OCoLC)647216947 | ||
| 050 | 1 | 4 |
_aBD311 _b.F67 2010eb |
| 111 | 2 |
_aFOIS (Conference) _n(6th : _d2010) |
|
| 245 | 1 | 0 |
_aFormal ontology in information systems _h[electronic resource] : _bproceedings of the Sixth International Conference (FOIS 2010) / _cedited by Antony Galton and Riichiro Mizoguchi. |
| 260 |
_aAmsterdam : _bIOS Press, _c2010. |
||
| 300 | _axi, 431 p. | ||
| 490 | 1 |
_aFrontiers in artificial intelligence and applications, _x0922-6389 ; _vv. 209 |
|
| 504 | _aIncludes bibliographical references and index. | ||
| 533 |
_aElectronic reproduction. _bPalo Alto, Calif. : _cebrary, _d2011. _nAvailable via World Wide Web. _nAccess may be limited to ebrary affiliated libraries. |
||
| 650 | 0 |
_aOntology _vCongresses. |
|
| 655 | 7 |
_aElectronic books. _2local |
|
| 700 | 1 | _aGalton, Antony. | |
| 700 | 1 | _aMizoguchi, Riichiro. | |
| 710 | 2 | _aebrary, Inc. | |
| 830 | 0 |
_aFrontiers in artificial intelligence and applications ; _vv. 209. |
|
| 856 | 4 | 0 |
_uhttp://site.ebrary.com/lib/rucke/Doc?id=10403966 _zAn electronic book accessible through the World Wide Web; click to view |
| 999 |
_c184610 _d184610 |
||